000 00893cam a2200229 4500
001 WB3810-04
008 020314n2002 000 0 eng u
035 _a(Sirsi) u117126
245 _aOne M&E training body
260 _c2002
490 _aContract Journal
_v412(6368) 13 March 2002, 6(1)
520 _aMechanical and electrical (M&E) contractors have forwarded proposals to government to establish a new building services skills council. The proposals will bring together the former national training organisations (NTOs) covering the M&E sector to create a single services training body for the UK.
590 _aWB
650 _aM&E
650 _aMECHANICAL AND ELECTRICAL
650 _aBUILDING CONTRACTORS
650 _aCAREERS, EDUCATION AND TRAINING
650 _aCONSTRUCTION SKILLS
650 _aBlock management
_96220
690 _aBUILT ENVIRONMENT
942 _n0
999 _c69780
_d69780